000 02021cam a22005174i 4500
003 PE-LiUPU
005 20250731180156.0
008 150616s r 000 0 d
020 _a842917009X
035 _a(Sirsi) i9788429170092
040 _aPE-LiUPU
_bspa
_cPE-LiUPU
_erda
049 _aPRUA
082 0 4 _a574.192
_bA87
_221
100 1 _aAtkinson, B.,
_eautor.
245 1 0 _aReactores Bioquímicos.
264 1 _aBarcelona :
_bEditorial Reverté,
_c1986.
300 _a295 páginas ;
_c23 centímetros
336 _atext
_2rdacontent
337 _aunmediated
_2rdamedia
338 _avolume
_2rdacarrier
505 0 _aIntroducción a los procesos industriales de fermentación.- Principales tipos de fermentadores.- Cinética de la ingeniería bioquímica.- La ecuación de velocidad biológica.- Determinación de los parámetros de un sistema biológico.- Características de los procesos con flóculos microbianos.- Fermentadores que contienen películas microbianas.- Reactores que contienen enzimas en solución.- Reactores que contienen sistemas con enzimas inmovilizados.- Fermentadores de percolación.
526 _aSEG44
526 _aSEG26
526 _aP159
526 _aP155
526 _aP154
526 _aP153
526 _aP150
526 _aP100
526 _aP31
526 _aP30
526 _aP26
526 _aP25
526 _aP24
526 _aP22
526 _aP15
526 _aP10
650 0 4 _aREACTORES (BIOQUIMICA).
910 _ajck
_bjvq
_cjck
942 _2ddc
_cBOOK
949 _a574.192 A87
_wDEWEY
_c1
_i41457
_d2016-5-6
_e2016-5-5
_lCCODEBUL1
_mBUL
_n1
_r0
_sY
_tBOOK
_u2015-6-16
_xINGENIERIA
_zUNKNOWN
_0COMPRA
_o.STAFF. Colección General
994 _aC0
_bPEPRU
596 _a1
999 _a574.192 A87
_wDEWEY
_c59174
_i41457
_d59174
_e2016-5-5
_f2021-11-9
_g7
_lCCODEBUL1
_mBUL
_n1
_q5
_r0
_sY
_tBOOK
_u2015-6-16
_xINGENIERIA
_zUNKNOWN
_0COMPRA
_o.STAFF. Colección General
980 _81
_gALBERTO SANCHEZ Responsable de Automatización